000 01047nam a2200289 i 4500
001 190058
003 SpMaBN
005 20250811095309.0
008 200310s2007 sp a |||| | spa d
020 _a978-84-08-07091-7
080 _a159.942
080 _a159.923.2
100 1 _aManglano Castellary, José Pedro.
_9169966
245 1 0 _a22 maneras de caerse bien
_b: actitudes para disfrutar de la vida /
_cJosé Pedro Manglano ; [ilustraciones de Antonio Mingote].
246 3 _aVeintidós maneras de caerse bien
246 3 _iSubtít. de cub.
_aactitudes para conquistar la felicidad
250 _a1ª ed.
260 _aBarcelona :
_bPlaneta,
_c2007.
300 _a322 p. :
_bil. ;
_c23 cm.
504 _aBibliografía: p. 315-322.
650 0 7 _aActitud (Psicología)
_2embne
_99588
650 0 7 _aAutorrealización.
_910441
852 1 _aES-MaACL
_jA-14569
_9197209
_bR.152075
_cDEPO1
_dOlim: N-7569
_hDonación: José Lázaro
903 _9234219
_aLázaro García, José
_ednr
942 _2udc
_cMONOGRAFIA
999 _c190058
_d190058